<?xml version="1.0" encoding="UTF-8"?><?xml-stylesheet type="text/xsl" href="static/style.xsl"?><OAI-PMH xmlns="http://www.openarchives.org/OAI/2.0/" xmlns:xsi="http://www.w3.org/2001/XMLSchema-instance" xsi:schemaLocation="http://www.openarchives.org/OAI/2.0/ http://www.openarchives.org/OAI/2.0/OAI-PMH.xsd"><responseDate>2026-06-04T05:01:36Z</responseDate><request verb="GetRecord" identifier="oai:recam.amb.cat:20.500.14439/1446" metadataPrefix="marc">https://recam.amb.cat/rest/oai/request</request><GetRecord><record><header><identifier>oai:recam.amb.cat:20.500.14439/1446</identifier><datestamp>2026-04-17T10:24:52Z</datestamp><setSpec>com_20.500.14439_2794</setSpec><setSpec>com_20.500.14439_113</setSpec><setSpec>col_20.500.14439_4201</setSpec></header><metadata><record xmlns="http://www.loc.gov/MARC21/slim" xmlns:dcterms="http://purl.org/dc/terms/" xmlns:xsi="http://www.w3.org/2001/XMLSchema-instance" xmlns:doc="http://www.lyncode.com/xoai" xsi:schemaLocation="http://www.loc.gov/MARC21/slim http://www.loc.gov/standards/marcxml/schema/MARC21slim.xsd">
   <leader>00925njm 22002777a 4500</leader>
   <datafield ind2=" " ind1=" " tag="042">
      <subfield code="a">dc</subfield>
   </datafield>
   <datafield ind2=" " ind1=" " tag="720">
      <subfield code="a">Institut d'Estudis Regionals i Metropolitans de Barcelona
</subfield>
      <subfield code="e">author</subfield>
   </datafield>
   <datafield ind2=" " ind1=" " tag="260">
      <subfield code="c">2018-06-01</subfield>
   </datafield>
   <datafield ind2=" " ind1=" " tag="520">
      <subfield code="a">Aquest monogràfic de Papers palesa el compromís de l'Institut d'Estudis Regionals i Metropolitans (IERMB) amb l'anàlisi acadèmicament rigorosa i socialment responsable de les dinàmiques de gentrificació i de les polítiques pel dret a la ciutat. Al llarg dels articles que configuren la revista es van desplegant elements conceptuals, analítics i reflexius. La proposta s'estructura en tres grans blocs. En el primer bloc, La Gentrificació. Fenomen global, processos diversos es debaten les coordenades conceptuals de la gentrificació i es perfila la diversitat de contextos on aquesta es desplega. En el segon, Factors i dimensions de la gentrificació s'analitza en profunditat la metròpoli de Barcelona des del prisma de la gentrificació: les seves claus explicatives i els àmbits on es produeix. En el tercer bloc, Dret a la ciutat versus gentrificació. Pràctiques i polítiques es tracten les accions col·lectives i institucionals orientades a aportar elements de construcció del dret al barri i a la ciutat.</subfield>
   </datafield>
   <datafield ind1="8" ind2=" " tag="024">
      <subfield code="a">9788492940325</subfield>
   </datafield>
   <datafield ind1="8" ind2=" " tag="024">
      <subfield code="a">2013-7958</subfield>
   </datafield>
   <datafield ind1="8" ind2=" " tag="024">
      <subfield code="a">https://hdl.handle.net/20.500.14439/1446</subfield>
   </datafield>
   <datafield ind1="8" ind2=" " tag="024">
      <subfield code="a">7050281</subfield>
   </datafield>
   <datafield ind1="8" ind2=" " tag="024">
      <subfield code="a">B 16247-2018</subfield>
   </datafield>
   <datafield tag="653" ind2=" " ind1=" ">
      <subfield code="a">Gentrificació</subfield>
   </datafield>
   <datafield tag="653" ind2=" " ind1=" ">
      <subfield code="a">Habitatge</subfield>
   </datafield>
   <datafield tag="653" ind2=" " ind1=" ">
      <subfield code="a">Ciutadania</subfield>
   </datafield>
   <datafield ind2="0" ind1="0" tag="245">
      <subfield code="a">Gentrificació i dret a la ciutat. Papers, 60</subfield>
   </datafield>
</record></metadata></record></GetRecord></OAI-PMH>